| 000 | 00539nam a2200181Ia 4500 | ||
|---|---|---|---|
| 008 | 100917s9999 xx 000 0 und d | ||
| 082 | _b54954 | ||
| 100 | _aसप्रे मधुवंती | ||
| 245 | _aसुवर्ण पिंपळ | ||
| 260 |
_bप्रिया प्रकाशन _c1982 |
||
| 300 | _a224 | ||
| 365 | _b24 | ||
| 520 | _aकादंबरी | ||
| 630 | _aसुवर्ण पिंपळ | ||
| 650 | _aकादंबरी | ||
| 730 | _aसुवर्ण पिंपळ | ||
| 942 | _cBOOK | ||
| 999 |
_c660348 _d660345 |
||